Electronics /

Guardado en:
Otros Autores: Millman, Jacob (edición.), Seely, Samuel.
Formato: Libro
Idioma:English
Publicado: New York : McGraw-Hill, 1951.
Edición:2. ed.
Etiquetas: Agregar Etiqueta
Sin Etiquetas, Sea el primero en etiquetar este registro!
LEADER 00498nam a22001695a 4500
001 EUN.um014591
003 AR-BaUNS
005 20050623122856.0
008 041125s1951####xxua##########000#0#eng#d
245 0 0 |a Electronics /  |c Jacob Millman, Samuel Seely. 
260 |a New York :  |b McGraw-Hill,  |c 1951. 
300 |a 582 p. :  |b ilus. ;  |c 23 cm. 
700 1 |a Millman, Jacob  |e edición. 
700 1 |a Seely, Samuel. 
082 0 4 |a 621.38 
250 |a 2. ed. 
859 |a Ar-BaUNS  |b BIB. CENTRAL - Sector C  |h 621.38  |i M623-1  |p 140/961